000 01397cam a22002174a 4500
005 20250605164047.0
008 250528s ||||||||||||||||||||||||d
035 _a17144
020 _a23399317
040 _aGR-AtMCL
_bgre
_dGR-AtMCL
_eAACR2
245 1 _aBusiness Statistics / A Decision-Making Approach
250 _a4th
260 _bMacmillan Publishing Company,
_c1993
300 _a311
520 _aStudy Guide to Accompany. Message to the Student, Data Collection for Decision Making, Organizing and Presenting Data, Measures of Location and Spread, Introduction to Probability Concepts, Discrete Probability Distributions, Sampling Techniques and the Sampling, Distributions of x and p, Introduction to Statistical Estimation, Introduction to Hypothesis Testing, Additional Hypothesis Testing Techniques, Statistical Estimation and Hypothesis, Testing - Small Samples, Tests of Variances and an Introduction to ANOVA, Simple Linear Regression and Correlation Analysis, Contingency Tables and Goodness of Fit Tests, Introduction to Nonparametric Statistics, Time Series Analysis and Index Numbers, Introduction to Forecasting Techniques, Introduction to Decision Analysis, Additional Topics in Decision Analysis, Answers to Review Questions.
700 1 _aGroebner David F
_93275
700 1 _aShannon Patrick W
_93276
942 _cBK
999 _c2583
_d2583